El problema de los abusos en la Iglesia. Una aproximación multidisciplinar

Uloženo v:
Podrobná bibliografie
Další autoři: Eichin Molina, Cristián (Editor), Sánchez González, Walter (Editor), Sanhueza Estay, Alicia (autora), Perivancich Hoyuelos, Claudia (autora), Elórtegui Raffo, Claudio Hipólito (autor), Faúndez Allier, Juan Pablo (autor), Peña Mendoza, Mariana (autora), Ossandón Buljevic, Pedro (autor), Fuentes Ruíz, Plácido (autor), Gallardo Escudero, Priscilla (autora), Capponi Martínez, Ricardo (autor)
Médium: Kniha
Jazyk:angličtina
Vydáno: Valparaíso, Chile. Ediciones Universitarias de Valparaíso, 2021
Témata:
Tagy: Přidat tag
Žádné tagy, Buďte první, kdo vytvoří štítek k tomuto záznamu!

MARC

LEADER 00000nam a22000007a 4500
003 CL-VaPUC
005 20241108121122.0
008 210910b2021 ||||| |||| 00| 0 eng d
999 |c 433566  |d 433564 
020 |a 978-956-17-0926-3 
040 |c Pontificia Universidad Católica de Valparaíso 
082 0 4 |2 21  |a 364.153 EIC 2021 
100 1 |a Eichin Molina, Cristián  |9 588722  |e editor 
245 1 3 |a El problema de los abusos en la Iglesia.  |b Una aproximación multidisciplinar 
260 |a Valparaíso, Chile.  |b Ediciones Universitarias de Valparaíso,   |c 2021 
300 |a 303 páginas  
500 |a c.4. Donacion Ediciones Universitarias. 04/05/2022 
583 |c 20210910  |k CRISTINA MARÍA ROJAS AGUILAR 
610 |a Diócesis de Valparaíso   |9 863711 
650 1 |a Iglesia católica  |x Abusos sexuales  |x Aspectos legales  |x Aspectos psicológicos  |x Aspectos educativos  |9 863699 
650 1 |a Víctimas de delitos  |x Prevención de abusos  |x Iglesia católica  |9 863700 
700 |a Sánchez González, Walter  |e editor  |9 862996 
700 |a Sanhueza Estay, Alicia  |e autora  |9 863701 
700 |a Perivancich Hoyuelos, Claudia  |e autora  |9 863702 
700 |a Elórtegui Raffo, Claudio Hipólito  |e autor  |9 746130 
700 |a Faúndez Allier, Juan Pablo  |e autor  |9 863704 
700 |a Peña Mendoza, Mariana   |e autora  |9 863705 
700 |a Ossandón Buljevic, Pedro  |e autor  |9 863706 
700 |a Fuentes Ruíz, Plácido  |e autor  |9 863707 
700 |a Gallardo Escudero, Priscilla  |e autora  |9 863708 
700 |a Capponi Martínez, Ricardo  |e autor  |9 863709 
942 |2 ddc  |c BK 
952 |0 0  |1 0  |2 ddc  |4 0  |6 364_153000000000000_EIC_2021  |7 0  |8 A  |9 578816  |a BIBTEO  |b BIBTEO  |d 2021-09-10  |i 5623812  |o  364.153 EIC 2021  |p 5623812  |r 2025-01-17  |t 1  |w 2021-09-10  |y BK  |k ICR 
952 |0 0  |1 0  |2 ddc  |4 0  |6 364_153000000000000_EIC_2021  |7 0  |8 A  |9 578817  |a BIBTEO  |b BIBTEO  |d 2021-09-10  |i 5623820  |o  364.153 EIC 2021  |p 5623820  |r 2025-01-17  |t 2  |w 2021-09-10  |y BK  |k ICR 
952 |0 0  |1 0  |2 ddc  |4 0  |6 364_153000000000000_EIC_2021  |7 0  |8 A  |9 578818  |a BIBTEO  |b BIBTEO  |d 2021-09-10  |i 5623839  |o  364.153 EIC 2021  |p 5623839  |r 2025-01-17  |t 3  |w 2021-09-10  |y BK  |k ICR 
952 |0 0  |1 0  |2 ddc  |4 0  |6 364_153000000000000_EIC_2021  |7 0  |8 A  |9 583481  |a BIBDER  |b BIBDER  |d 2022-06-07  |e Donación  |i 5651630  |o 364.153 EIC 2021  |p 5651630  |r 2023-01-25  |t 4  |w 2022-06-07  |y BK  |k DER